000
00428nam a2200145Ia 4500
008
100204s9999 xx 000 0 und d
082
_b
12397
100
_a
बांदोडकर व. पु.
245
_a
कस्तुरी
260
_b
"प्रिया प्रकाशन, मुंबई"
_c
1990
300
_a
220
630
_a
कस्तुरी
730
_a
कस्तुरी
942
_c
BOOK
999
_c
456830
_d
456827